| 000 | 00518nam a2200145 4500 | ||
|---|---|---|---|
| 999 |
_c11063 _d11063 |
||
| 008 | 181009b ||||| |||| 00| 0 eng d | ||
| 022 | _a16565649 | ||
| 082 | _aDPer 303.405 H22 June -Sept 2016 v.12 n. 7-10 | ||
| 100 |
_932044 _aLucas, Ashley. |
||
| 245 |
_aSamsung galaxy note7: _ba remarkably novelty/ _cAshley Lucas. |
||
| 260 |
_aQuezon City: _bHardware Zone Phils. Corp., _c©June -Sept 2016. |
||
| 300 |
_av12 n10, pages 36-37: _billustrations; _c28 cm. |
||
| 650 | 0 |
_932045 _aCellular telephones. |
|
| 942 |
_2ddc _cPER |
||